[Event "Stay Safe Play From Home 263"]
[Site "Emanuel Lasker Arena"]
[Date "2020.06.29"]
[Round "9"]
[White "Bishop91"]
[Black "Fischer_11"]
[Result "0-1"]
[WhiteElo "1788"]
[BlackElo "1925"]
[Annotator "NA"]
[PlyCount "110"]
[EventDate "2020.06.29"]
[EventType "swiss (blitz)"]

1. e4 {[%emt 0:00:01]} Nf6 {[%emt 0:00:02]} 2. e5 {[%emt 0:00:01]} Nd5 {[%emt 0:00:01]} 3. d4 {[%emt 0:00:00]} d6 {[%emt 0:00:01]} 4. c4 {[%emt 0:00:00]} Nb6 {[%emt 0:00:01]} 5. exd6 {[%emt 0:00:01]} cxd6 {[%emt 0:00:00]} 6. Nf3 {[%emt 0:00:01]} g6 {[%emt 0:00:00]} 7. Bd3 {[%emt 0:00:01]} Bg7 {[%emt 0:00:00]} 8. O-O {[%emt 0:00:01]} O-O {[%emt 0:00:00]} 9. Re1 {[%emt 0:00:02]} Nc6 {[%emt 0:00:00]} 10. Be3 {[%emt 0:00:02]} Bg4 {[%emt 0:00:02]} 11. Nbd2 {[%emt 0:00:02]} Nxd4 {[%emt 0:00:03]} 12. h3 {[%emt 0:00:01]} Bxf3 {[%emt 0:00:02]} 13. Nxf3 {[%emt 0:00:01]} Nxf3+ {[%emt 0:00:02]} 14. Qxf3 {[%emt 0:00:01]} Bxb2 {[%emt 0:00:03]} 15. Rab1 {[%emt 0:00:01]} Bf6 {[%emt 0:00:02]} 16. Rec1 {[%emt 0:00:00]} Rc8 {[%emt 0:00:02]} 17. Qxb7 {[%emt 0:00:02]} Qc7 {[%emt 0:00:01]} 18. Qxc7 {[%emt 0:00:05]} Rxc7 {[%emt 0:00:00]} 19. Bxb6 {[%emt 0:00:01]} axb6 {[%emt 0:00:02]} 20. Rxb6 {[%emt 0:00:00]} Ra8 {[%emt 0:00:02]} 21. Rc2 {[%emt 0:00:00]} Ra3 {[%emt 0:00:04]} 22. Rb3 {[%emt 0:00:01]} Ra4 {[%emt 0:00:04]} 23. Kf1 {[%emt 0:00:03]} Kg7 {[%emt 0:00:01]} 24. Ke2 {[%emt 0:00:01]} h5 {[%emt 0:00:00]} 25. Kd2 {[%emt 0:00:00]} e6 {[%emt 0:00:01]} 26. f3 {[%emt 0:00:01]} Be5 {[%emt 0:00:01]} 27. g4 {[%emt 0:00:00]} Bf4+ {[%emt 0:00:01]} 28. Ke2 {[%emt 0:00:02]} hxg4 {[%emt 0:00:00]} 29. fxg4 {[%emt 0:00:01]} f5 {[%emt 0:00:01]} 30. gxf5 {[%emt 0:00:01]} gxf5 {[%emt 0:00:00]} 31. a3 {[%emt 0:00:02]} Kf6 {[%emt 0:00:01]} 32. Rcb2 {[%emt 0:00:01]} e5 {[%emt 0:00:01]} 33. Rb4 {[%emt 0:00:01]} Ra5 {[%emt 0:00:02]} 34. a4 {[%emt 0:00:01]} e4 {[%emt 0:00:01]} 35. Bc2 {[%emt 0:00:02]} Be5 {[%emt 0:00:00]} 36. R2b3 {[%emt 0:00:01]} Kg5 {[%emt 0:00:02]} 37. Rb1 {[%emt 0:00:05]} Rac5 {[%emt 0:00:02]} 38. Bb3 {[%emt 0:00:02]} Bc3 {[%emt 0:00:02]} 39. Rb5 {[%emt 0:00:01]} f4 {[%emt 0:00:04]} 40. Rxc5+ {[%emt 0:00:02]} dxc5 {[%emt 0:00:00]} 41. Rc1 {[%emt 0:00:01]} Bd4 {[%emt 0:00:01]} 42. Rg1+ {[%emt 0:00:00]} Bxg1 {[%emt 0:00:02]} 43. h4+ {[%emt 0:00:00]} Kf5 {[%emt 0:00:01]} 44. a5 {[%emt 0:00:00]} Bd4 {[%emt 0:00:01]} 45. h5 {[%emt 0:00:00]} f3+ {[%emt 0:00:00]} 46. Kf1 {[%emt 0:00:02]} Rh7 {[%emt 0:00:00]} 47. Bd1 {[%emt 0:00:01]} Rxh5 {[%emt 0:00:00]} 48. Ke1 {[%emt 0:00:01]} Rh1+ {[%emt 0:00:00]} 49. Kd2 {[%emt 0:00:00]} Rh2+ {[%emt 0:00:00]} 50. Kc1 {[%emt 0:00:01]} Rh7 {[%emt 0:00:00]} 51. a6 {[%emt 0:00:01]} Rd7 {[%emt 0:00:00]} 52. Kc2 {[%emt 0:00:01]} Ra7 {[%emt 0:00:00]} 53. Kd2 {[%emt 0:00:01]} Rxa6 {[%emt 0:00:00]} 54. Ke1 {[%emt 0:00:00]} Rb6 {[%emt 0:00:00]} 55. Kf1 {[%emt 0:00:01]} Kf4 {[%emt 0:00:00] Time (Lag: Av=0.34s, max=1.0s)} 0-1

[Event "Stay Safe Play From Home 263"]
[Site "Emanuel Lasker Arena"]
[Date "2020.06.29"]
[Round "9"]
[White "Trotsky"]
[Black "Edmatuag"]
[Result "0-1"]
[WhiteElo "1618"]
[BlackElo "1667"]
[Annotator "NA"]
[PlyCount "62"]
[EventDate "2020.06.29"]
[EventType "swiss (blitz)"]

1. d4 {[%emt 0:00:01]} c6 {[%emt 0:00:01]} 2. e3 {[%emt 0:00:00]} b5 {[%emt 0:00:00]} 3. c4 {[%emt 0:00:02]} d6 {[%emt 0:00:00]} 4. Nc3 {[%emt 0:00:02]} b4 {[%emt 0:00:01]} 5. Ne4 {[%emt 0:00:02]} Nf6 {[%emt 0:00:01]} 6. Bd3 {[%emt 0:00:02]} Nxe4 {[%emt 0:00:01]} 7. Bxe4 {[%emt 0:00:01]} f5 {[%emt 0:00:00]} 8. Bd3 {[%emt 0:00:01]} e6 {[%emt 0:00:01]} 9. Qc2 {[%emt 0:00:01]} Qh4 {[%emt 0:00:01]} 10. Nf3 {[%emt 0:00:01]} Qg4 {[%emt 0:00:01]} 11. Rg1 {[%emt 0:00:06]} Be7 {[%emt 0:00:01]} 12. Bd2 {[%emt 0:00:01]} O-O {[%emt 0:00:02]} 13. O-O-O {[%emt 0:00:01]} Nd7 {[%emt 0:00:02]} 14. h3 {[%emt 0:00:01]} Qg6 {[%emt 0:00:03]} 15. g4 {[%emt 0:00:01]} Qe8 {[%emt 0:00:04]} 16. gxf5 {[%emt 0:00:03]} exf5 {[%emt 0:00:01]} 17. h4 {[%emt 0:00:01]} Nb6 {[%emt 0:00:02]} 18. e4 {[%emt 0:00:01]} fxe4 {[%emt 0:00:02]} 19. Bxe4 {[%emt 0:00:01]} Bf6 {[%emt 0:00:02]} 20. Ng5 {[%emt 0:00:01]} Bxg5 {[%emt 0:00:02]} 21. Bxh7+ {[%emt 0:00:02]} Kh8 {[%emt 0:00:03]} 22. hxg5 {[%emt 0:00:01]} Nxc4 {[%emt 0:00:06]} 23. Rh1 {[%emt 0:00:02]} d5 {[%emt 0:00:08]} 24. Bg8+ {[%emt 0:00:02]} Kxg8 {[%emt 0:00:01]} 25. Qh7+ {[%emt 0:00:01]} Kf7 {[%emt 0:00:01]} 26. g6+ {[%emt 0:00:01]} Ke7 {[%emt 0:00:01]} 27. Rhe1+ {[%emt 0:00:02]} Be6 {[%emt 0:00:02]} 28. Qxg7+ {[%emt 0:00:02]} Kd6 {[%emt 0:00:01]} 29. Bf4+ {[%emt 0:00:04]} Rxf4 {[%emt 0:00:01]} 30. Qh6 {[%emt 0:00:08]} Qf8 {[%emt 0:00:02]} 31. g7 {[%emt 0:00:03]} Qf6 {[%emt 0:00:01] Âðåìÿ (Lag: Av=0.43s, max=0.6s) .} 0-1